| 000 | 01450cad a22002775a 4500 | ||
|---|---|---|---|
| 001 | E148322 | ||
| 008 | 090904s2009 xxk f s000 0 eng d | ||
| 020 | _a9780755976089 | ||
| 035 | _a(Sirsi) u148322 | ||
| 041 | 0 | _aeng | |
| 050 | 0 | 4 | _a711.1 $2 18 |
| 110 | 2 |
_aDouglas Wheeler Associates _95787 |
|
| 245 | 0 | 0 |
_aBarriers to developing mixed use development _h[electronic resource] |
| 260 |
_aEdinburgh _bScottish Government Social Research _c2009 |
||
| 505 | 2 | _aExecutive summary -- Introduction -- Delivering mixed use development, context -- Definition, planning and place-making barriers -- Deal structure and funding barriers -- Ownership and management of mixed use communities -- Case studies -- Synthesis of findings -- Conclusions and recommendations -- Appendices | |
| 520 | _aDiscusses the perception that most local plan allocations and planning applications are for single use, looks at the reasons for mixed use development taking place or not, and examines the barriers to and enabling factors of mixed use development. | ||
| 521 | _aAdvanced | ||
| 590 | _aKA | ||
| 651 | 4 |
_aScotland _y1999- |
|
| 690 |
_aPlanning and development _96259 |
||
| 710 | 1 | _aAnn Flint Associates | |
| 710 | 1 | _aAustin-Smith Lord | |
| 710 | 1 |
_aEdinburgh College of Art _bSchool of Architecture _95588 |
|
| 856 | 4 | 0 |
_uhttps://www.scotland.gov.uk/Publications/2009/09/03094938/0 _zView the report free of charge at www.scotland.gov.uk... |
| 942 | _n0 | ||
| 999 |
_c110000 _d110000 |
||